Normal view MARC view

Entry Personal Name

Number of records used in: 1

001 - CONTROL NUMBER

  • control field: 196

003 - CONTROL NUMBER IDENTIFIER

  • control field: OSt

005 - DATE AND TIME OF LATEST TRANSACTION

  • control field: 20220817115632.0

008 - FIXED-LENGTH DATA ELEMENTS

  • fixed length control field: 220817|| aca||aabn | a|a d

040 ## - CATALOGING SOURCE

  • Original cataloging agency: OSt
  • Transcribing agency: OSt

100 ## - HEADING--PERSONAL NAME

  • Personal name: Ostendorf, Wendy

670 ## - SOURCE DATA FOUND

  • Source citation: Work cat.: (OSt)0: Perry, Anne Griffin 110, Skills performance checklists for clinical nursing skills & techniques , 2014.

If you have any concerns or questions; kindly contact the library


© Powered by WIUC ICT DIRECTORATE